Road-making machinery / (Record no. 547283)
[ view plain ]
| 000 -LEADER | |
|---|---|
| fixed length control field | 00520cam a22001451i 4500 |
| 082 ## - DEWEY DECIMAL CLASSIFICATION NUMBER | |
| Classification number | 625.7 |
| Author Mark | ABR |
| -- | L-15, P-41 |
| 100 1# - MAIN ENTRY--PERSONAL NAME | |
| Personal name | Abrosimov, Konstantin F. [from old catalog] |
| 9 (RLIN) | 43490 |
| 245 10 - TITLE STATEMENT | |
| Title | Road-making machinery / |
| Statement of responsibility, etc. | K. Abrosimov, A. Bromberg [and] F. Katayev. Translated from the Russian by A. Troitsky. |
| 260 ## - PUBLICATION, DISTRIBUTION, ETC. | |
| Place of publication, distribution, etc. | Moscow : |
| Name of publisher, distributor, etc. | Mir Publishers, |
| Date of publication, distribution, etc. | [1966]. |
| 300 ## - PHYSICAL DESCRIPTION | |
| Extent | 692 p. : |
| Other physical details | ill. ; |
| Dimensions | 23 cm |
| 526 ## - STUDY PROGRAM INFORMATION NOTE | |
| Program name | 0 |
| Interest level | 0 |
| Reading level | 0 |
| Title point value | 625_700000000000000_ABR |
| 650 #0 - SUBJECT ADDED ENTRY--TOPICAL TERM | |
| Topical term or geographic name entry element | MCE |
| 9 (RLIN) | 379 |
| 650 #0 - SUBJECT ADDED ENTRY--TOPICAL TERM | |
| Topical term or geographic name entry element | Road machinery. |
| 9 (RLIN) | 43491 |
| 942 ## - ADDED ENTRY ELEMENTS (KOHA) | |
| Source of classification or shelving scheme | |
| Koha item type | Book |
| Withdrawn status | Lost status | Source of classification or shelving scheme | Damaged status | Not for loan | Permanent Location | Current Location | Date acquired | Total Checkouts | Full call number | Barcode | Date last seen | Price effective from | Koha item type |
|---|---|---|---|---|---|---|---|---|---|---|---|---|---|
| Military College of Engineering (MCE) | Military College of Engineering (MCE) | 07/07/2014 | 625.7 ABR | MCE-3575 | 07/07/2014 | 07/07/2014 | Book |
